Classroom Grades Logic Puzzle Quiz Stats

 Plays Quiz Updated Nov 4, 2015

Challenge
Share
Tweet
Score 0/30 Timer 20:00
20 Plays Today
Kid Grades % Correct



Josh



???
100%



Kyle



???
99.5%



Ben



???
66.3%



Amy



???
64.8%



Maya



???
50.8%



Kurt



???
46.8%



Anne



???
36.7%



Jack



???
36.3%



Jen



???
31.2%



Dan



???
21.8%



Lily



???
21.5%



Phil



???
19.5%



Eric



???
19.4%



Cait



???
16.5%



Nate



???
16.5%
Kid Grades % Correct



Eve



???
15.9%



Mike



???
15.8%



Zach



???
15.8%



Tara



???
15.5%



Jake



???
15.3%



John



???
15.1%



Lee



???
14.3%



Evan



???
11.6%



Jane



???
11.6%



Ruth



???
11.5%



Greg



???
9.8%



Liz



???
5.8%



Lyla



???
5.7%



Katy



???
5.2%



Seth



???
4.1%

You're not logged in!

Compare scores with friends on all Sporcle quizzes.
Join for Free
OR
Log In

You Might Also Like...

Show Comments

Extras

Top Quizzes Today


Score Distribution

Your Account Isn't Verified!

In order to create a playlist on Sporcle, you need to verify the email address you used during registration. Go to your Sporcle Settings to finish the process.

Report this User

Report this user for behavior that violates our Community Guidelines.

Details: